N'écoute que moi - Raiponce (Paroles) - Statistiques

Statistiques générales
  • Ce quiz a été pris 400 fois
  • Le résultat moyen est 164 sur 239
Statistiques - réponses
Hint Réponse % Correct
ne
96%
moi
94%
que
94%
ma
91%
n'écoute
90%
N'écoute
90%
de
89%
De
89%
me
89%
Gothel Tu
89%
tu
89%
ce
88%
Gothel | Raiponce Je
87%
je
87%
ta
87%
mère
86%
te
86%
la
85%
85%
La
85%
le
85%
tout
85%
84%
84%
Écoute
83%
écoute
83%
Mais
83%
mon
83%
es
82%
qui
80%
Gothel | Raiponce Oui
79%
oui
79%
pas
78%
Raiponce
78%
un
76%
est
75%
Maman
75%
maman
75%
n'es
74%
voudra
74%
aller
73%
dans
73%
ça
72%
qu'un
72%
sais
72%
Toute
72%
toute
72%
mal
71%
petit
71%
plus
69%
quitter
69%
monde
68%
pour
68%
son
68%
cela
67%
et
67%
les
67%
dents
66%
Oh
66%
oh
66%
peur
66%
suite
66%
sur
66%
veux
66%
C'est
65%
dehors
65%
dis
65%
Raiponce Non
65%
Gothel Si
65%
jour
64%
bébé
63%
Nous
63%
pointues
63%
t'aime
63%
l'oiseau
62%
nid
62%
qu'une
62%
voudrais
62%
rien
61%
Terre
61%
viendra
61%
amer
60%
aux
59%
cœur
59%
Ils
59%
petite
59%
Pourquoi
59%
pourquoi
59%
poussin
59%
protégera
59%
qu'il
59%
seule
59%
vous
59%
bien
58%
maudit
58%
sommes
58%
aime
57%
crue
57%
encore
57%
t'arrive
57%
ici
56%
l'homme
56%
suffit
55%
tour
54%
toutes
54%
cette
53%
contrarie
53%
avec
52%
chérie
52%
mangeraient
52%
Partout
51%
reste
51%
Bandits
50%
Comme
50%
empotée
50%
manières
50%
parler
50%
perdue
50%
peste
50%
regrettera
50%
sables
50%
voleurs
50%
Elle
49%
laisse
49%
maladroite
49%
vivons-nous
49%
aussi
48%
beauté
48%
car
48%
fleur
48%
fragile
48%
mouvants
48%
t'entendre
48%
vêtue
48%
Gothel Chut
47%
comprend
47%
flasque
46%
grosses
45%
voyons
44%
bestioles
43%
chose
43%
guette
43%
immature
43%
même
43%
N'oublie
43%
veut
43%
Évite
42%
naïve
42%
clair
41%
suggère
39%
Voilà
39%
drame
38%
Est-ce
38%
j'espère
38%
excuse-moi
36%
Cannibales
35%
surtout
35%
t'aider
35%
poisons
34%
Regarde-toi
34%
serpents
34%
Étourdie
31%
Simplette
21%
Aucun quiz correspondant
Distribution des résultats
% des personnes avec chaque résultat
Percentile par nombre de réponses
Votre historique - résultats
Vous n’avez pas pris ce quiz